000 01384cam a22003611a 4500
001 gs 64000265
003 DLC
005 20260227111414.0
008 780809s1964 dcuab b f001 0 eng c
010 _ags 64000265
035 _a(OCoLC)4124198
040 _aU.S. Geol. Survey. Library.
_cCLS
_dOCoLC
_dDNAL
_dOCoLC
_dDLC
042 _apremarc
043 _an-us-co
050 0 0 _aTC801
_b.U2 no. 1658
070 0 _a407
_bG29W no.1658
072 0 _aP200
100 1 _aSmith, Rex O.
_q(Rex Onis),
_d1924-
245 1 0 _aGround-water resources of the South Platte River Basin in western Adams and southwestern Weld Counties, Colorado /
_cby Rex O. Smith, Paul A. Schneider, Jr., and Lester R. Petri.
260 _aWashington, D.C. :
_bU.S. G.P.O.,
_c1964.
300 _avi, 132 p. :
_bill., maps ;
_c24 cm. +
_e10 folded maps in case.
440 0 _aGeological Survey water-supply paper ;
_v1658
504 _aBibliography: p. 128-130.
500 _aIncludes index.
650 0 _aGroundwater
_zColorado
_zAdams County.
650 0 _aWater-supply
_zColorado
_zAdams County.
650 0 _aGroundwater
_zColorado
_zWeld County.
650 0 _aWater-supply
_zColorado
_zWeld County.
650 0 _aWater
_xComposition
_zColorado
_zAdams County.
650 0 _aWater
_xComposition
_zColorado
_zWeld County.
700 1 _aSchneider, Paul A.
_q(Paul Alan),
_d1931-
700 1 _aPetri, Lester R.
999 _c29864
_d29864